山手線沿線駅外観クイズ2 - Statistics

General Stats
  • This quiz has been taken 69 times
  • The average score is 8 of 10
Answer Stats
Picture Answer % Correct
渋谷駅
98%
御徒町駅
94%
池袋駅
92%
高輪ゲートウェイ駅
89%
上野駅
82%
代々木駅
82%
高田馬場駅
69%
目白駅
69%
浜松町駅
69%
巣鴨駅
63%
No matching quizzes found
Score Distribution
Percent of People with Each Score
Percentile by Number Answered
Your Score History
You have not taken this quiz